[Event "Santa Rosa op"]
[Site "Santa Rosa"]
[Date "2022.07.09"]
[Round "4"]
[White "Fernandez, Javier Horacio"]
[Black "De Marzi, Diego"]
[Result "0-1"]
[WhiteElo "1734"]
[BlackElo "2119"]
[PlyCount "78"]
[EventDate "2022.07.08"]
[EventType "swiss"]
[EventRounds "7"]
[EventCountry "ARG"]
[SourceTitle "CBM 209 Extra"]
[Source "ChessBase"]
[SourceDate "2022.09.30"]
[SourceVersion "1"]
[SourceVersionDate "2022.09.30"]
[SourceQuality "1"]

1. e4 g6 2. d4 Bg7 3. Nf3 d6 4. h3 c5 5. dxc5 Qa5+ 6. c3 Qxc5 7. Be3 Qc7 8. Be2 Nc6 9. Na3 Nf6 10. Qd3 a6 11. Nc4 Nd7 12. 0-0 b5 13. Ncd2 0-0 14. Rac1 Bb7 15. Nd4 Rac8 16. f4 e5 17. Nxc6 Qxc6 18. Bf3 Nc5 19. Qe2 Rce8 20. b4 Ne6 21. f5 Nf4 22. Bxf4 exf4 23. c4 Qb6+ 24. Kh2 gxf5 25. c5 dxc5 26. bxc5 Qg6 27. Rfe1 fxe4 28. Nxe4 f5 29. Bh5 Rxe4 30. Bxg6 Rxe2 31. Bxh7+ Kxh7 32. Rxe2 f3 33. gxf3 Bxf3 34. Re7 Kh8 35. c6 Bh6 36. Rc3 Be4 37. c7 Bb7 38. Rd3 Rg8 39. Rd8 Bf4# 0-1

[Event "WC-2022-S-00003"]
[Site "LSS email"]
[Date "2022.06.21"]
[Round "?"]
[White "Fernandez, Javier Horacio"]
[Black "Felicio, Clairton"]
[Result "1/2-1/2"]
[WhiteElo "2334"]
[BlackElo "2353"]
[PlyCount "42"]
[EventDate "2022.06.21"]
[EventType "tourn (corr)"]
[EventRounds "12"]
[EventCountry "GER"]
[SourceTitle "Corr 2024"]
[Source "ChessBase"]
[SourceDate "2023.10.19"]
[SourceVersion "1"]
[SourceVersionDate "2023.10.19"]
[SourceQuality "1"]

1. d4 d5 2. c4 c6 3. Nf3 Nf6 4. e3 e6 5. Bd3 dxc4 6. Bxc4 a6 7. 0-0 b5 8. Bd3 Bb7 9. a4 Be7 10. axb5 axb5 11. Rxa8 Bxa8 12. Nbd2 Nbd7 13. Nb3 0-0 14. Bd2 c5 15. Bxb5 Qb8 16. Bxd7 Nxd7 17. Bc3 cxd4 18. Qxd4 Bf6 19. Qxd7 Bxc3 20. bxc3 Qxb3 21. Qd3 Bxf3 1/2-1/2

[Event "WC-2022-S-00003"]
[Site "LSS email"]
[Date "2022.06.21"]
[Round "?"]
[White "Fernandez, Javier Horacio"]
[Black "Pocivavsek, Darko"]
[Result "1/2-1/2"]
[WhiteElo "2334"]
[BlackElo "2327"]
[PlyCount "31"]
[EventDate "2022.06.21"]
[EventType "tourn (corr)"]
[EventRounds "12"]
[EventCountry "GER"]
[SourceTitle "Corr 2024"]
[Source "ChessBase"]
[SourceDate "2023.10.19"]
[SourceVersion "1"]
[SourceVersionDate "2023.10.19"]
[SourceQuality "1"]

1. Nf3 Nf6 2. g3 d5 3. Bg2 g6 4. c4 dxc4 5. Qa4+ Nfd7 6. Qxc4 Bg7 7. Nc3 Nc6 8. 0-0 Nb6 9. Qh4 h5 10. d3 Bg4 11. h3 Qd7 12. Ng5 Nd4 13. Nge4 Nf5 14. Qg5 Bh6 15. Qf6 Bg7 16. Qg5 1/2-1/2

[Event "WC-2021-S-00004"]
[Site "LSS email"]
[Date "2021.04.03"]
[Round "?"]
[White "Fernandez, Javier Horacio"]
[Black "Pascual Perez, Norge"]
[Result "1/2-1/2"]
[WhiteElo "2326"]
[BlackElo "2432"]
[PlyCount "59"]
[EventDate "2021.04.03"]
[EventType "tourn (corr)"]
[EventRounds "6"]
[EventCountry "GER"]
[SourceTitle "Corr 2024"]
[Source "ChessBase"]
[SourceDate "2023.10.19"]
[SourceVersion "1"]
[SourceVersionDate "2023.10.19"]
[SourceQuality "1"]

1. e4 c5 2. Nf3 d6 3. d4 cxd4 4. Nxd4 Nf6 5. Nc3 a6 6. Bg5 e6 7. f4 h6 8. Bh4 Qb6 9. Bxf6 gxf6 10. Qd2 Qxb2 11. Nb3 Qa3 12. Be2 Nc6 13. 0-0 Bd7 14. Kh1 Bg7 15. Rf3 0-0 16. f5 Ne5 17. Rg3 Kh7 18. Rf1 Rac8 19. Nd4 Qa5 20. Rf4 Rh8 21. Rh4 exf5 22. exf5 d5 23. Bf1 Rce8 24. Qf4 Qc5 25. Nce2 Nc6 26. Rhg4 Rhg8 27. Rxg7+ Rxg7 28. Qxh6+ Kxh6 29. Rh3+ Kg5 30. Rg3+ 1/2-1/2

[Event "WC-2021-S-00004"]
[Site "LSS email"]
[Date "2021.04.03"]
[Round "?"]
[White "Pascual Perez, Norge"]
[Black "Fernandez, Javier Horacio"]
[Result "1/2-1/2"]
[WhiteElo "2432"]
[BlackElo "2326"]
[PlyCount "63"]
[EventDate "2021.04.03"]
[EventType "tourn (corr)"]
[EventRounds "6"]
[EventCountry "GER"]
[SourceTitle "Corr 2024"]
[Source "ChessBase"]
[SourceDate "2023.10.19"]
[SourceVersion "1"]
[SourceVersionDate "2023.10.19"]
[SourceQuality "1"]

1. d4 Nf6 2. c4 e6 3. g3 d5 4. Bg2 Bb4+ 5. Nd2 0-0 6. Ngf3 b6 7. 0-0 Bb7 8. b3 a5 9. Bb2 Nbd7 10. Qc2 Re8 11. Rfd1 c5 12. cxd5 exd5 13. dxc5 bxc5 14. e3 Qb6 15. a3 Bxd2 16. Nxd2 Rac8 17. Rac1 h6 18. Ba1 Ba6 19. Bh3 Be2 20. Re1 Bg4 21. Bg2 Qe6 22. e4 d4 23. e5 Nd5 24. Nc4 Bh3 25. f4 Bxg2 26. Qxg2 g6 27. Nd6 Rb8 28. Nxe8 Rxe8 29. Qe2 h5 30. Rb1 Rb8 31. Qc4 Nxf4 32. gxf4 1/2-1/2